[Event "Pierrefitte op"]
[Site "Pierrefitte"]
[Date "2003.09.27"]
[Round "1"]
[White "Marois, Cyril"]
[Black "Medlycoot, Wayland"]
[Result "0-1"]
[WhiteElo "1460"]
[BlackElo "1870"]
[PlyCount "60"]
[EventDate "2003.04.27"]
[EventType "swiss (rapid)"]
[EventRounds "7"]
[EventCountry "FRA"]
[SourceTitle "EXT 2005"]
[Source "ChessBase"]
[SourceDate "2004.11.15"]
[SourceVersion "1"]
[SourceVersionDate "2004.11.15"]
[SourceQuality "1"]

1. f4 d5 2. Nf3 Nf6 3. d4 c6 4. Nc3 Bf5 5. Rg1 Ne4 6. Bd2 Qc7 7. g4 Nxc3 8. bxc3 Be4 9. Bg2 Nd7 10. e3 e6 11. Ng5 Bxg2 12. Rxg2 Nf6 13. Qf3 h6 14. Nh3 Qb6 15. Nf2 Qb2 16. Rc1 Qxa2 17. Ke2 Ba3 18. Rd1 Qxc2 19. g5 Ne4 20. g6 Nxc3+ 21. Ke1 fxg6 22. Rxg6 Qxg6 23. Bxc3 Be7 24. Kd2 0-0 25. Nd3 Rf5 26. e4 Rh5 27. Ne5 Rxh2+ 28. Kd3 dxe4+ 29. Qxe4 Rh3+ 30. Nf3 Rxf3+ 0-1